Statistiche per Paesi musulmani

Clicka qui per fare il quiz!

Statistiche generali

  • Questo quiz è stato fatto 6.077 volte
  • Il punteggio medio è 31 su 46

Statistiche sulle risposte

%Paese% Corretto
99.9%Marocco
96%
97.1%Arabia Saudita
95%
94.7%Egitto
94%
98.2%Algeria
92%
99.6%Iran
92%
98.9%Iraq
92%
99.8%Tunisia
91%
98.6%Turchia
89%
96.6%Libia
88%
96.4%Pakistan
87%
99.8%Afghanistan
84%
92.8%Siria
84%
99.0%Yemen
84%
87.7%Oman
83%
76.0%Emirati Arabi Uniti
82%
77.5%Qatar
81%
97.4%Sudan
79%
59.7%Libano
76%
93.3%Turkmenistan
75%
56.4%Kazakistan
74%
98.3%Niger
74%
96.5%Uzbekistan
74%
98.8%Giordania
73%
86.4%Kuwait
70%
98.6%Somalia
70%
99.0%Tagikistan
67%
92.4%Mali
66%
99.2%Mauritania
66%
98.4%Azerbaijan
65%
55.7%Ciad
64%
95.9%Senegal
64%
88.8%Kirghizistan
63%
81.2%Bahrain
60%
88.1%Indonesia
58%
82.1%Albania
55%
90.4%Bangladesh
53%
61.4%Malesia
46%
97.0%Gibuti
43%
84.2%Guinea
42%
95.3%Gambia
41%
58.9%Burkina Faso
38%
91.7%Kosovo
37%
51.9%Brunei
36%
98.4%Maldive
36%
71.5%Sierra Leone
36%
98.3%Comoros
26%

Distribuzione punteggi

Percentile per numero di risposta

Percentuale di utenti per punteggio

I tuoi punteggi nel tempo

Non hai fatto questo quiz